000 01206cam a22003134a 4500
001 14703041
005 20250209161516.0
008 070111s2008 paua 001 0 eng
020 _a9780781759014
020 _a0781759013
050 0 0 _aRD37.2
_b.S96 2008
082 0 0 _a617.0076
_222
245 0 0 _aSurgery /
_ceditors, Bruce E. Jarrell, R. Anthony Carabasi, III ; question editor, Eugene Kennedy.
250 _a5th ed.
260 _aPhiladelphia :
_bWolters Kluwer Health/Lippincott Wiliams & Wilkins,
_cc2008.
300 _axiii, 647 p. :
_bill. ;
_c28 cm.
500 _aIncludes index.
650 0 _aSurgery
_vExaminations, questions, etc.
650 0 _aSurgery
_vOutlines, syllabi, etc.
650 1 2 _aSurgical Procedures, Operative
_vExamination Questions.
650 1 2 _aSurgical Procedures, Operative
_vOutlines.
650 2 2 _aSurgery
_vExamination Questions.
650 2 2 _aSurgery
_vOutlines.
700 1 _aJarrell, Bruce E.
700 1 _aCarabasi, R. Anthony.
856 4 1 _3Table of contents only
_uhttp://www.loc.gov/catdir/toc/ecip078/2007001103.html
856 4 2 _3Publisher description
_uhttp://www.loc.gov/catdir/enhancements/fy0712/2007001103-d.html
942 _2lcc
_cBK
_e5th ed.
_n0
999 _c3765
_d3765